000 00425cam a2200169 a 4500
020 _a0256191492
040 _cDLC
082 0 0 _a004 LRW 1996 A003 Or.
100 1 _aClifford, Sarah Hutchinson.
245 1 0 _aComputer essentials /
250 _a2nd ed.
260 _aChicago :
_bIrwin,
_cc1996.
300 _axiv, 295, [31] p. :
_bcol. ill. ;
_c28 cm.
650 0 0 _aComputers.
700 1 _aSawyer, Stacey C.
942 _cEK
999 _c16448
_d16448